000 01307 a2200253 4500
020 _a1441957820
020 _a9781441957825
082 _a515.35
090 _c1677
_d1677
100 1 _aKelley, Walter G.
245 1 4 _aThe theory of differential equations :
_bclassical and qualitative /
_cWalter G. Kelley, Allan C. Peterson.
250 _a2nd ed. 2010.
260 _a[S.l.] :
_bSpringer,
_c2010.
300 _a436 p. ;
_c24 cm.
490 1 _aUniversitext.
700 1 _aPeterson, Allan C.
830 0 _aUniversitext.
942 _aSNS
_cBK
_k515.35 KEL
999 _c30285
_d30285